| 000 | 01137cam a2200289 a 4500 | ||
|---|---|---|---|
| 001 | 000011982 | ||
| 003 | DO-SdBNP | ||
| 005 | 20250401144704.0 | ||
| 008 | 970922s1995 sp a b 001 0 spa c | ||
| 020 | _a8478202986 | ||
| 035 | _a(OCoLC)ocm34927270 | ||
| 040 |
_aDO-SdBNP _cPL# _dOCL _dBNPHU |
||
| 049 | _aBNGR | ||
| 082 |
_a394.3 _bS714f |
||
| 100 | 1 |
_aSoria Andreu, Francisca, _d1864-1908. _928333 |
|
| 245 | 1 | 4 |
_aLas fiestas del Gay saber : _bel caso aragonés (1884-1905) / _cFrancisca Soria Andreu. |
| 260 |
_aZaragoza, (España) : _bInstitución "Fernando el Católico", _c1995. |
||
| 300 |
_a224 p. : _bill. ; _c25 cm. |
||
| 490 | 1 |
_aPublicación de la Institución "Fernando el Católico" _v1 .758 |
|
| 504 | _aBiblioteca: (p. 195-211). | ||
| 650 | 0 |
_aFolclore _zAragòn (España{Rpara} _xHistoria. _933448 |
|
| 650 | 4 |
_aJuegos florales _zZaragoza (España{Rpara} _xHistroia. _928335 |
|
| 650 | 4 |
_aLiteratura española _zAragòn (España{Rpara} _xHistoria y crítica _928336 |
|
| 830 | 0 |
_aPublicación de la Institución "Fernando el Católico" ; _v1 .758 _913716 |
|
| 910 | _aCatalogación por copia / LC | ||
| 942 |
_2ddc _cLBS1 |
||
| 999 |
_c11651 _d11651 |
||